Immunoassay automation: A practical guide (Record no. 40457)

MARC details
000 -LEADER
fixed length control field 00327nam a2200121Ia 4500
082 ## - DEWEY DECIMAL CLASSIFICATION NUMBER
Classification number 57.083.3
Item number CHA
245 #0 - TITLE STATEMENT
Title Immunoassay automation: A practical guide
260 ## - PUBLICATION, DISTRIBUTION, ETC. (IMPRINT)
Place of publication San Diego
Name of publisher Academic
Year of publication 1992
650 ## - SUBJECT ADDED ENTRY--TOPICAL TERM
Topical Term Immunoassay automation
700 ## - ADDED ENTRY--PERSONAL NAME
Personal name Chan, Daniel W
942 ## - ADDED ENTRY ELEMENTS (KOHA)
Koha item type Books
Holdings
Withdrawn status Lost status Damaged status Not for loan Home library Current library Date acquired Cost, normal purchase price Full call number Accession Number Koha item type
        RRII Library RRII Library 16/12/2021 49.95 57.083.3 CHA 20756 Books